LEADER 00693nam0-22002651i-450- 001 990004885870403321 005 19990530 035 $a000488587 035 $aFED01000488587 035 $a(Aleph)000488587FED01 035 $a000488587 100 $a19990530g19349999km-y0itay50------ba 101 0 $aita 105 $ay-------001yy 200 1 $a<>Unvätersaga$fHans Friedrich Blunck 210 $aJena$cE. Diederichs$dc1934. 215 $a363$d21 cm 700 1$aBlunck,$bHans Friedrich$086430 801 0$aIT$bUNINA$gRICA$2UNIMARC 901 $aBK 912 $a990004885870403321 952 $aTX BL 1$bS.I.$fFLFBC 959 $aFLFBC 996 $aUnvätersaga$9520963 997 $aUNINA